<?xml version="1.0" encoding="UTF-8"?><?xml-stylesheet type="text/xsl" href="static/style.xsl"?><OAI-PMH xmlns="http://www.openarchives.org/OAI/2.0/" xmlns:xsi="http://www.w3.org/2001/XMLSchema-instance" xsi:schemaLocation="http://www.openarchives.org/OAI/2.0/ http://www.openarchives.org/OAI/2.0/OAI-PMH.xsd"><responseDate>2026-06-01T15:47:08Z</responseDate><request verb="GetRecord" identifier="oai:riuma.uma.es:10630/19280" metadataPrefix="marc">https://riuma.uma.es/rest/oai/request</request><GetRecord><record><header><identifier>oai:riuma.uma.es:10630/19280</identifier><datestamp>2026-02-03T12:24:22Z</datestamp><setSpec>com_10630_2254</setSpec><setSpec>col_10630_37959</setSpec></header><metadata><record xmlns="http://www.loc.gov/MARC21/slim" xmlns:dcterms="http://purl.org/dc/terms/" xmlns:doc="http://www.lyncode.com/xoai" xmlns:xsi="http://www.w3.org/2001/XMLSchema-instance" xsi:schemaLocation="http://www.loc.gov/MARC21/slim http://www.loc.gov/standards/marcxml/schema/MARC21slim.xsd">
   <leader>00925njm 22002777a 4500</leader>
   <datafield ind2=" " ind1=" " tag="042">
      <subfield code="a">dc</subfield>
   </datafield>
   <datafield ind2=" " ind1=" " tag="720">
      <subfield code="a">Texeira-Jiménez, Rocío</subfield>
      <subfield code="e">author</subfield>
   </datafield>
   <datafield ind2=" " ind1=" " tag="260">
      <subfield code="c">2020-02-17</subfield>
   </datafield>
   <datafield ind2=" " ind1=" " tag="520">
      <subfield code="a">La presente comunicación se estructura siguiendo las pautas de la propuesta que se hace desde el congreso: seleccionar y recoger una hoja natural de árbol o planta que represente un concepto a desarrollar en torno a la cuestión de la Educación Artística. De este modo, a través de la imagen escogida, nos situamos en el plano de la Docencia en relación a la Educación Artística, y cómo en esta cobra protagonismo la importancia de la emoción en la toma de decisiones, así como del rol docente que, a través del arte performativo como activador, se sitúa como agente posibilitador de oportunidades y de estados de reflexión. La metáfora que genera el hilo conductor visual surge de la observación de la persona que cogió la hoja y cómo esa acción propició un proceso de observación que derivó en las indagación sobre los términos destacados.</subfield>
   </datafield>
   <datafield ind1="8" ind2=" " tag="024">
      <subfield code="a">https://hdl.handle.net/10630/19280</subfield>
   </datafield>
   <datafield tag="653" ind2=" " ind1=" ">
      <subfield code="a">Educación artística</subfield>
   </datafield>
   <datafield ind2="0" ind1="0" tag="245">
      <subfield code="a">Decisión emocional</subfield>
   </datafield>
</record>
</metadata></record></GetRecord></OAI-PMH>